000 00362 a2200157 4500
001 168633
020 _a
040 _cMagnum
100 _aRomar, Nelson
240 1 0 _aFutebol de salao: regras - tecnicas - taticas
_lpor
245 1 0 _aFutebol de salao: regras - tecnicas - taticas
362 0 _a1899
440 1 _aEdiouro
697 _aGERAL
942 _cBK
999 _c168633
_d168633